000 00488nam a2200181 a 4500
001 0383
005 20140414132029.0
008 040913s19uu xx 00 eng d
020 _a0-949714-77-1
050 _aTR
_bOP5 1999
100 _aO'Brien, Carlie
245 _aOpposites with Lou-Lou /
_cCarlie O'Brien.
260 _aAustralia :
_bRoland Harvey Books,
_c1999.
300 _a1 v.p. : ill. ; cm.
440 _aRoly Poly books
650 _aChildren stories.
999 _c113600
_d113600